Statistiques concernant Culture Générale - Série 1500

Cliquez ici pour prendre le quiz!

Statistiques générales

  • Ce quiz a été pris 71 fois
  • Le résultat moyen est 5 sur 10

Statistiques - réponses

QuestionRéponse% Correct
Quel nom désigne à la fois les neuf déesses grecques des arts libéraux et l'inspiratrice d'un poète ?muse
86%
Quel mot féminin désigne à la fois un vêtement, la couleur d'un vin et le pelage d'un cheval ?robe
86%
De quel pays d'Asie, Puyi fut-il le dernier empereur ?Chine
85%
Combien y a t-il d'étoiles, sur le drapeau de l'Union européenne ?12
85%
En 1983, quelle chanteuse galloise à la voix cassée a interprété le tube "Total Eclipse Of The Heart ?Bonnie Tyler
48%
Quelle chanteuse est la vedette du premier concert organisé au stade Roi Baudouin à Bruxelles, après rénovation, en juin 1997 ?Céline Dion
38%
Complétez les paroles de ce générique télé : "Marc et Sophie, leurs parents, leurs amis, leurs animaux et toute la...compagnie
33%
Quel psychanalyste français, prénommé Jacques Marie, a donné ses fameux "Séminaires" entre 1951 et 1980 ?Lacan
27%
Quel synonyme de "tristesse" désigne un cuir grenu utilisé en reliure ?chagrin
27%
À quel dessinateur italien doit-on le personnage de bande dessinée RanXerox ?Liberatore
0%

Distribution des résultats

Percentile par nombre de réponses

% des personnes avec chaque résultat

Votre développement - résultats

Vous n’avez pas pris ce quiz